000 00474nam a2200193Ia 4500
005 20240823023136.0
008 240823s9999||||xx |||||||||||||| ||und||
041 _aENGLISH
082 _A519.2 P8
100 _aSingaravelu.A
245 0 _aProbabilty and Random Processes
250 _a4th
260 _c2008
_b"Meenakshi Agency,Ch"
_aChennai
500 _aYES
650 _aProbability
_bMathematics
700 _a Sivasubramanian S
942 _cBK
999 _c180842
_d180842